000 00455nam a22001457a 4500
005 20260422112153.0
008 260422b |||||||| |||| 00| 0 eng d
020 _a978-81-775-8541-4
100 _aFinar I L
245 _aOrganic Chemistry Volume 2: Stereochemistry and the Chemistry of Natural products
_c/I. L. Finar
250 _a5th ed
260 _aIndia;
_bDorling Kindersley (India) Pvt.Ltd;
_c1975
300 _a956p.ill
_c23.5cm
942 _2ddc
_cBK
_n0
999 _c229
_d229